| 000 | 00610nam a2200181 i 4500 | ||
|---|---|---|---|
| 001 | 79237 | ||
| 003 | ES-MaACL | ||
| 005 | 20230906173932.0 | ||
| 007 | t| | ||
| 008 | 041020s1931 sp ||||1| spa d | ||
| 100 | 1 |
_aHenle, Franz Wilhelm. _962542 |
|
| 245 | 1 | 0 |
_aPrácticas de Química orgánica / _cpor Franz Wilhelm Henle ; con un prefacio de J. Thiele ; traducción de la tercera edición alemana por José Pascual. |
| 260 |
_aMadrid : _bLabor, _c1931. |
||
| 300 |
_a378 p. : _bil. ; _c22 cm. |
||
| 700 | 1 |
_aThiele, J. _9109941 |
|
| 700 | 1 |
_aPascual, José. _989352 |
|
| 852 |
_aES-MaACL _jB-10775 _bR.22468 |
||
| 999 |
_c79237 _d79237 |
||